Demand for Scottish farmland increases (Record no. 83818)

MARC details
000 -LEADER
fixed length control field 00867cad a22002055a 4500
001 - CONTROL NUMBER
control field E155124
008 - FIXED-LENGTH DATA ELEMENTS--GENERAL INFORMATION
fixed length control field 120305e20120224xxk 000 0 eng d
035 ## - SYSTEM CONTROL NUMBER
System control number (Sirsi) u155124
041 0# - LANGUAGE CODE
Language code of text/sound track or separate title eng
110 2# - MAIN ENTRY--CORPORATE NAME
Corporate name or jurisdiction name as entry element Royal Institution of Chartered Surveyors
Subordinate unit Scotland
9 (RLIN) 3082
245 00 - TITLE STATEMENT
Title Demand for Scottish farmland increases
Medium [electronic resource]
260 ## - PUBLICATION, DISTRIBUTION, ETC.
Date of publication, distribution, etc. 2012
490 ## - SERIES STATEMENT
Series statement RICS Scotland News Release
Volume/sequential designation 24 February 2012
520 ## - SUMMARY, ETC.
Summary, etc. The second half of 2011 saw an increase in demand for commercial farmland in Scotland, mainly caused by industrial farmers looking for good quality land. Demand for residential farmland fell.
590 ## - LOCAL NOTE (RLIN)
Local note KA
651 #4 - SUBJECT ADDED ENTRY--GEOGRAPHIC NAME
Geographic name Scotland
Chronological subdivision 1999-
690 ## - LOCAL SUBJECT ADDED ENTRY--TOPICAL TERM (OCLC, RLIN)
Topical term or geographic name as entry element Rural
9 (RLIN) 6268
856 40 - ELECTRONIC LOCATION AND ACCESS
Uniform Resource Identifier <a href="https://www.rics.org/site/scripts/press_article.aspx?pressreleaseID=747&categoryID=487">https://www.rics.org/site/scripts/press_article.aspx?pressreleaseID=747&categoryID=487</a>
Public note View the item free of charge at www.rics.org
942 ## - ADDED ENTRY ELEMENTS (KOHA)
Suppress in OPAC 0
Holdings
Withdrawn status Lost status Source of classification or shelving scheme Damaged status Not for loan Home library Current library Shelving location Date acquired Total Checkouts Full call number Barcode Date last seen Copy number Price effective from Koha item type
    Dewey Decimal Classification     Virtual Virtual Online 05/03/2012   ONLINE PUBLICATION 155124-2001 06/08/2019 1 06/08/2019 Journal article